000 00305nam a2200109Ia 4500
008 200302s9999 xx 000 0 und d
100 _aHarold Linton and Richard Rochon
245 _aUrban Reflections Illustrated World Cities
260 _bThe Images Publishing Pty., Ltd.,
260 _c2004
300 _a184
999 _c5324
_d5324